000 00256nam a22001217a 4500
008 170821b xxu||||| |||| 00| 0 eng d
041 _aeng
080 _23RD
_a51
100 _a37
101 _aMAT
245 _aCOLLEGE ALGEBRA
_cYOUNG,C
942 _2udc
_cBK
999 _c24360
_d24360